<?xml version="1.0" encoding="UTF-8"?>
<record
    xmlns:xsi="http://www.w3.org/2001/XMLSchema-instance"
    xsi:schemaLocation="http://www.loc.gov/MARC21/slim http://www.loc.gov/standards/marcxml/schema/MARC21slim.xsd"
    xmlns="http://www.loc.gov/MARC21/slim">

  <leader>02045nam0a2200349   4500</leader>
  <controlfield tag="001">RU\NLR\bibl\1734071</controlfield>
  <controlfield tag="005">20260407084227.0</controlfield>
  <datafield tag="010" ind1=" " ind2=" ">
    <subfield code="a">978-5-8356-1067-9</subfield>
    <subfield code="9">40</subfield>
  </datafield>
  <datafield tag="021" ind1=" " ind2=" ">
    <subfield code="a">RU</subfield>
    <subfield code="b">2011-1350</subfield>
    <subfield code="9">93</subfield>
  </datafield>
  <datafield tag="035" ind1=" " ind2=" ">
    <subfield code="a">(NLR Aleph) 001725013</subfield>
  </datafield>
  <datafield tag="090" ind1=" " ind2=" ">
    <subfield code="a">1363705</subfield>
    <subfield code="c">1363705</subfield>
  </datafield>
  <datafield tag="100" ind1=" " ind2=" ">
    <subfield code="a">20110209d2010    |||y0rusy50      ca</subfield>
  </datafield>
  <datafield tag="101" ind1="0" ind2=" ">
    <subfield code="a">rus</subfield>
  </datafield>
  <datafield tag="102" ind1=" " ind2=" ">
    <subfield code="a">RU</subfield>
  </datafield>
  <datafield tag="105" ind1=" " ind2=" ">
    <subfield code="a">a   |||||||||</subfield>
  </datafield>
  <datafield tag="200" ind1="1" ind2=" ">
    <subfield code="a">&#x423;&#x43F;&#x440;&#x430;&#x432;&#x43B;&#x435;&#x43D;&#x438;&#x435; &#x438;&#x437;&#x43C;&#x435;&#x43D;&#x435;&#x43D;&#x438;&#x44F;&#x43C;&#x438; &#x432; &#x43E;&#x431;&#x449;&#x435;&#x441;&#x442;&#x432;&#x435;, &#x43D;&#x430;&#x443;&#x43A;&#x435;, &#x43A;&#x443;&#x43B;&#x44C;&#x442;&#x443;&#x440;&#x435;</subfield>
    <subfield code="e">&#x412;&#x441;&#x435;&#x440;&#x43E;&#x441;&#x441;&#x438;&#x439;&#x441;&#x43A;&#x430;&#x44F; &#x43D;&#x430;&#x443;&#x447;&#x43D;&#x43E;-&#x43F;&#x440;&#x430;&#x43A;&#x442;&#x438;&#x447;&#x435;&#x441;&#x43A;&#x430;&#x44F; &#x43A;&#x43E;&#x43D;&#x444;&#x435;&#x440;&#x435;&#x43D;&#x446;&#x438;&#x44F;, &#x43D;&#x43E;&#x44F;&#x431;&#x440;&#x44C; 2010 &#x433;.</subfield>
    <subfield code="e">&#x441;&#x431;&#x43E;&#x440;&#x43D;&#x438;&#x43A; &#x441;&#x442;&#x430;&#x442;&#x435;&#x439;</subfield>
    <subfield code="f">[&#x43F;&#x43E;&#x434; &#x440;&#x435;&#x434;. &#x411;.&#x41D;. &#x413;&#x435;&#x440;&#x430;&#x441;&#x438;&#x43C;&#x43E;&#x432;&#x430;, &#x43F;&#x440;&#x43E;&#x444;., &#x434;.&#x44D;.&#x43D;., &#x434;. &#x447;&#x43B;. &#x410;&#x43A;&#x430;&#x434;. &#x43A;&#x43E;&#x440;&#x43F;&#x43E;&#x440;&#x430;&#x442;&#x438;&#x432;. &#x443;&#x43F;&#x440;. (&#x433;. &#x421;&#x430;&#x43C;&#x430;&#x440;&#x430;), &#x421;.&#x418;. &#x410;&#x448;&#x43C;&#x430;&#x440;&#x438;&#x43D;&#x43E;&#x439;, &#x43F;&#x440;&#x43E;&#x444;., &#x434;.&#x44D;.&#x43D;.]</subfield>
  </datafield>
  <datafield tag="210" ind1=" " ind2=" ">
    <subfield code="a">&#x41F;&#x435;&#x43D;&#x437;&#x430;</subfield>
    <subfield code="c">&#x41F;&#x440;&#x438;&#x432;&#x43E;&#x43B;&#x436;&#x441;&#x43A;&#x438;&#x439; &#x414;&#x43E;&#x43C; &#x437;&#x43D;&#x430;&#x43D;&#x438;&#x439;</subfield>
    <subfield code="d">2010</subfield>
  </datafield>
  <datafield tag="215" ind1=" " ind2=" ">
    <subfield code="a">93, [1] &#x441;.</subfield>
    <subfield code="c">&#x438;&#x43B;.</subfield>
    <subfield code="d">20</subfield>
  </datafield>
  <datafield tag="300" ind1=" " ind2=" ">
    <subfield code="a">&#x412; &#x43D;&#x430;&#x434;&#x437;&#x430;&#x433;.: &#x41E;-&#x432;&#x43E; "&#x417;&#x43D;&#x430;&#x43D;&#x438;&#x435;" &#x420;&#x43E;&#x441;&#x441;&#x438;&#x438;, &#x41F;&#x440;&#x438;&#x432;&#x43E;&#x43B;&#x436;. &#x414;&#x43E;&#x43C; &#x437;&#x43D;&#x430;&#x43D;&#x438;&#x439;, &#x421;&#x430;&#x43C;&#x430;&#x440;. &#x433;&#x43E;&#x441;. &#x44D;&#x43A;&#x43E;&#x43D;. &#x443;&#x43D;-&#x442;, &#x41C;&#x435;&#x436;&#x434;&#x443;&#x43D;&#x430;&#x440;. &#x438;&#x43D;-&#x442; &#x440;&#x44B;&#x43D;&#x43A;&#x430;</subfield>
  </datafield>
  <datafield tag="320" ind1=" " ind2=" ">
    <subfield code="a">&#x411;&#x438;&#x431;&#x43B;&#x438;&#x43E;&#x433;&#x440;. &#x432; &#x43A;&#x43E;&#x43D;&#x446;&#x435; &#x434;&#x43E;&#x43A;&#x43B;.</subfield>
  </datafield>
  <datafield tag="606" ind1="1" ind2=" ">
    <subfield code="a">&#x41E;&#x440;&#x433;&#x430;&#x43D;&#x438;&#x437;&#x430;&#x446;&#x438;&#x438;</subfield>
    <subfield code="j">&#x421;&#x44A;&#x435;&#x437;&#x434;&#x44B;, &#x441;&#x43E;&#x432;&#x435;&#x449;&#x430;&#x43D;&#x438;&#x44F; &#x438; &#x442;.&#x43F;.</subfield>
    <subfield code="x">&#x423;&#x43F;&#x440;&#x430;&#x432;&#x43B;&#x435;&#x43D;&#x438;&#x435;</subfield>
    <subfield code="9">2081403</subfield>
    <subfield code="3">RU\NLR\auth\661257382</subfield>
  </datafield>
  <datafield tag="686" ind1=" " ind2=" ">
    <subfield code="a">&#x423;21(0)24&#x44F;431</subfield>
  </datafield>
  <datafield tag="702" ind1=" " ind2="1">
    <subfield code="4">340</subfield>
    <subfield code="8">rus</subfield>
    <subfield code="7">ca</subfield>
    <subfield code="a">&#x413;&#x435;&#x440;&#x430;&#x441;&#x438;&#x43C;&#x43E;&#x432;</subfield>
    <subfield code="b">&#x411;. &#x41D;.</subfield>
    <subfield code="c">&#x434;-&#x440; &#x44D;&#x43A;&#x43E;&#x43D;. &#x43D;&#x430;&#x443;&#x43A;</subfield>
    <subfield code="g">&#x411;&#x43E;&#x440;&#x438;&#x441; &#x41D;&#x438;&#x43A;&#x438;&#x444;&#x43E;&#x440;&#x43E;&#x432;&#x438;&#x447;</subfield>
    <subfield code="3">RU\NLR\auth\7731665</subfield>
    <subfield code="9">14675</subfield>
  </datafield>
  <datafield tag="711" ind1="1" ind2="2">
    <subfield code="a">"&#x423;&#x43F;&#x440;&#x430;&#x432;&#x43B;&#x435;&#x43D;&#x438;&#x435; &#x438;&#x437;&#x43C;&#x435;&#x43D;&#x435;&#x43D;&#x438;&#x44F;&#x43C;&#x438; &#x432; &#x43E;&#x431;&#x449;&#x435;&#x441;&#x442;&#x432;&#x435;, &#x43D;&#x430;&#x443;&#x43A;&#x435;, &#x43A;&#x443;&#x43B;&#x44C;&#x442;&#x443;&#x440;&#x435;", &#x432;&#x441;&#x435;&#x440;&#x43E;&#x441;&#x441;&#x438;&#x439;&#x441;&#x43A;&#x430;&#x44F; &#x43D;&#x430;&#x443;&#x447;&#x43D;&#x43E;-&#x43F;&#x440;&#x430;&#x43A;&#x442;&#x438;&#x447;&#x435;&#x441;&#x43A;&#x430;&#x44F; &#x43A;&#x43E;&#x43D;&#x444;&#x435;&#x440;&#x435;&#x43D;&#x446;&#x438;&#x44F;</subfield>
    <subfield code="e">&#x421;&#x430;&#x43C;&#x430;&#x440;&#x430;</subfield>
    <subfield code="f">2010</subfield>
    <subfield code="9">864407</subfield>
    <subfield code="3">RU\NLR\AUTH\880599731</subfield>
  </datafield>
  <datafield tag="712" ind1="0" ind2="2">
    <subfield code="4">475</subfield>
    <subfield code="a">&#x41F;&#x440;&#x438;&#x432;&#x43E;&#x43B;&#x436;&#x441;&#x43A;&#x438;&#x439; &#x434;&#x43E;&#x43C; &#x437;&#x43D;&#x430;&#x43D;&#x438;&#x439;</subfield>
    <subfield code="c">&#x41F;&#x435;&#x43D;&#x437;&#x430;</subfield>
    <subfield code="3">RU\NLR\AUTH\8812001</subfield>
    <subfield code="9">296693</subfield>
  </datafield>
  <datafield tag="801" ind1=" " ind2="0">
    <subfield code="a">RU</subfield>
    <subfield code="b">NLR</subfield>
    <subfield code="c">20110209</subfield>
    <subfield code="g">RCR</subfield>
  </datafield>
  <datafield tag="801" ind1=" " ind2="1">
    <subfield code="a">RU</subfield>
    <subfield code="b">NLR</subfield>
    <subfield code="c">20110209</subfield>
  </datafield>
  <datafield tag="942" ind1=" " ind2=" ">
    <subfield code="c">BOOK</subfield>
  </datafield>
  <datafield tag="980" ind1=" " ind2=" ">
    <subfield code="a">NB</subfield>
  </datafield>
  <datafield tag="995" ind1=" " ind2=" ">
    <subfield code="5">2011-02-09</subfield>
    <subfield code="a">ad</subfield>
    <subfield code="b">NLR01</subfield>
    <subfield code="c">NLR01</subfield>
    <subfield code="e">RF8</subfield>
    <subfield code="f">3352921</subfield>
    <subfield code="k">2011-4/1130</subfield>
    <subfield code="o">0</subfield>
    <subfield code="r">BOOK</subfield>
    <subfield code="s">201141130_</subfield>
  </datafield>
</record>
